000 00877nam a2200265Ia 4500
003 OSt
005 20221005104638.0
006 a|||||r|||| 00| 0
007 ta
008 221004b |||||||| |||| 00| 0 hin d
020 _a9789382695073 (hbk)
_cINR 100.00
024 _a37907
037 _b410, 13/03/2018, Eastern Book Linkers
_cTextual
040 _aCRL
_cCRL
_bhin
041 _2hin
_ahin
082 _aU8, 152Q4
100 _aसंजय कृष्ण, ले.
245 0 _aपलामू
246 _aPalāmū
260 _aदिल्ली
_bविकल्प प्रकाशन भारत
_c2014
300 _a63पृ0
_ccm.
650 _aयात्रा वृतान्त
942 _hU8, 152Q4
_cTEXL
_2cc
999 _c1013358
_d1013358